| 000 | 00414cam a22001217a 4500 | ||
|---|---|---|---|
| 008 | 180718b1967 xxu||||| |||| 00| 0 eng d | ||
| 082 | _aT31x54 Ec74/65 | ||
| 245 |
_aA guide to the performance of top 200 companies, 1965 _cby Economic and Scientific Research Foundation |
||
| 260 |
_aNew Delhi _bESRF _c1967 |
||
| 300 | _a69p. | ||
| 650 | _aCorporations - India | ||
| 700 | _aEconomic and Scientific Research Foundation | ||
| 999 |
_c364759 _d364759 |
||